[Event "RUS Cup tt (Women)"]
[Site "Sochi"]
[Date "2023.11.30"]
[Round "4.8"]
[White "Pak, Polina"]
[Black "Lakvitava, Sarida"]
[Result "1-0"]
[WhiteElo "1857"]
[BlackElo "1350"]
[PlyCount "125"]
[EventDate "2023.11.27"]
[EventType "team-tourn"]
[EventRounds "7"]
[EventCountry "RUS"]
[SourceTitle "CB49_2023"]
[SourceDate "2023.12.06"]
[SourceVersion "1"]
[SourceVersionDate "2023.12.06"]
[SourceQuality "1"]
[WhiteTeam "Sakha Qkutiya (W)"]
[BlackTeam "Krasnodar Krym (W)"]
[WhiteTeamCountry "RUS"]
[BlackTeamCountry "RUS"]

1. d4 Nf6 2. c4 c5 3. d5 d6 4. Nc3 g6 5. e4 Bg7 6. h3 Nbd7 7. Nf3 Nb6 8. Be3 Bd7 9. Be2 Qc7 10. Nd2 e6 11. 0-0 0-0 12. Qc2 e5 13. f4 Bh6 14. Nd1 exf4 15. Bxf4 Bxf4 16. Rxf4 Ne8 17. Ne3 Ng7 18. Bd3 Qd8 19. Rf3 Qg5 20. Ndf1 Nh5 21. Qf2 Rae8 22. Nh2 Bc8 23. Nhg4 Bxg4 24. Nxg4 Nd7 25. Rf1 Ne5 26. Nxe5 Qxe5 27. g4 Ng7 28. Rxf7 Qd4 29. Qxd4 cxd4 30. Rxf8+ Rxf8 31. Rxf8+ Kxf8 32. Kf2 Kf7 33. g5 Nh5 34. Kf3 a5 35. a3 b6 36. h4 Ke7 37. Bf1 Kd8 38. Bh3 Ke7 39. Bg4 Ng7 40. Ke2 Ne8 41. Kd3 Nc7 42. Kxd4 Na6 43. b3 Nc5 44. b4 axb4 45. axb4 Nb3+ 46. Kc3 Nc1 47. b5 Na2+ 48. Kb2 Nb4 49. Be2 Kd7 50. Kb3 Nxd5 51. cxd5 Kc7 52. Kc4 Kd7 53. Kd4 Ke7 54. Bg4 Kf7 55. e5 dxe5+ 56. Kxe5 Ke7 57. d6+ Kd8 58. Ke6 Ke8 59. d7+ Kd8 60. Kd6 h5 61. gxh6 g5 62. h7 gxh4 63. h8Q# 1-0

[Event "RUS-ch Higher League (Women) 72nd"]
[Site "Obninsk"]
[Date "2022.06.28"]
[Round "3"]
[White "Dorokhina, Elizaveta"]
[Black "Pak, Polina"]
[Result "1-0"]
[WhiteElo "2045"]
[BlackElo "1677"]
[PlyCount "69"]
[EventDate "2022.06.26"]
[EventType "swiss"]
[EventRounds "9"]
[EventCountry "RUS"]
[SourceTitle "CBM 209 Extra"]
[Source "ChessBase"]
[SourceDate "2022.09.30"]
[SourceVersion "1"]
[SourceVersionDate "2022.09.30"]
[SourceQuality "1"]

1. d4 Nf6 2. c4 g6 3. Nc3 Bg7 4. e4 d6 5. Nf3 0-0 6. h3 e5 7. d5 a5 8. Bg5 Na6 9. g4 Nc5 10. Nd2 h6 11. Be3 c6 12. Be2 cxd5 13. cxd5 Bd7 14. Bxc5 dxc5 15. a4 Ne8 16. Nc4 f5 17. Qd3 Qh4 18. gxf5 gxf5 19. Qg3 Qf6 20. 0-0-0 Nc7 21. Rhg1 fxe4 22. Nxe4 Qf4+ 23. Qxf4 Rxf4 24. Nxc5 Bxh3 25. Rg3 Bf5 26. Rdg1 Ne8 27. Nb6 Rd8 28. Bb5 Rxf2 29. Bxe8 Rc2+ 30. Kd1 Rxc5 31. Rxg7+ Kf8 32. Bd7 Bc2+ 33. Kd2 Be4 34. Rg8+ Ke7 35. d6+ 1-0